| 000 | 01547cam a2200385 a 4500 | ||
|---|---|---|---|
| 005 | 20191224041525.0 | ||
| 008 | 970922t1997 ck ab grb 000 0 spa d | ||
| 020 | _a9589205003 | ||
| 040 |
_aCAW _cCAW _dDLC |
||
| 041 | _aspa | ||
| 042 | _alccopycat | ||
| 043 | _as-ck--- | ||
| 044 | _ack | ||
| 082 | 0 | 0 |
_a595.709861 _bM97l |
| 100 | 1 |
_aMurillo Quinche, Luis Maria, _d1897-1974. |
|
| 240 | 1 | 0 |
_kSelections. _f1997 |
| 245 | 1 | 0 |
_aLuis Maria Murillo Quinche : _bobra selecta / _ceditores, Santiago Diaz-Piedrahita, Maria Teresa Murillo Pulido. |
| 246 | 3 | 0 | _aObra selecta |
| 260 |
_aSantafe de Bogota, D.C., Colombia : _bAcademia Colombiana de Ciencias Exactas, Fisicas y Naturales, _c1997. |
||
| 300 |
_ax, 186 paginas. : _bilustraciones, mapas; _c24 x 16 cm. |
||
| 504 | _aIncludes bibliographical references. | ||
| 650 | 0 |
_aEntomology _zColombia. |
|
| 650 | 0 |
_aNatural history _zColombia. |
|
| 650 | 0 |
_aPlant diseases _zColombia. |
|
| 650 | 0 |
_aInsect pests _xBiological control _zColombia. |
|
| 650 | 6 |
_aEntomología _zColombia |
|
| 650 | 6 |
_aHistoria Natural _zColombia |
|
| 650 | 6 | _aEnfermedades de las plantas | |
| 700 | 1 | _aDiaz Piedrahita, Santiago. | |
| 700 | 1 |
_aMurillo P., Maria Teresa _q(Murillo Pulido) |
|
| 710 | 2 | _aAcademia Colombiana de Ciencias Exactas, Fisicas y Naturales. | |
| 906 |
_a7 _bcbc _ccopycat _d2 _encip _f19 _gy-gencatlg |
||
| 942 |
_2ddc _cLIBRO |
||
| 999 |
_c366 _d366 |
||